000 00314nam a22001337a 4500
008 170906b xxu||||| |||| 00| 0 eng d
020 _a9780442282141
041 _aeng
080 _22ND
_a72
100 _a41
101 _aARK
245 _aLETTERING FOR ARCHITECTS AND DESIGNERS
_cSUTHERLAND,M
942 _2udc
_cBK
999 _c26347
_d26347